Русский язык (Запись № 9765232)

Подробности
000 -МАРКЕР
контрольное поле 01314nam0a22003251 4500
001 - ИДЕНТИФИКАТОР ЗАПИСИ
контрольное поле rc\3202347
005 - ИДЕНТИФИКАТОР ВЕРСИИ
контрольное поле 20130115135546.0
021 ## - НОМЕР ГОСУДАРСТВЕННОЙ РЕГИСТРАЦИИ
Код страны Российская Федерация
Номер 76-42174
021 ## - НОМЕР ГОСУДАРСТВЕННОЙ РЕГИСТРАЦИИ
Код страны Российская Федерация
Номер Рг14483-76
035 ## - ДРУГИЕ СИСТЕМНЫЕ НОМЕРА
Идентификатор записи (NLR Aleph) 007541818
100 ## - ДАННЫЕ ОБЩЕЙ ОБРАБОТКИ
Данные общей обработки 20130115d1976 |||y0rusy50 ca
101 0# - ЯЗЫК РЕСУРСА
Язык текста, звукозаписи и т.д. русский
102 ## - СТРАНА ПУБЛИКАЦИИ ИЛИ ПРОИЗВОДСТВА
Страна публикации Российская Федерация
105 ## - ПОЛЕ КОДИРОВАННЫХ ДАННЫХ: ТЕКСТОВЫЕ МАТЕРИАЛЫ, МОНОГРАФИЧЕСКИЕ
Кодированные данные о монографическом текстовом документе a z |||||
200 1# - ЗАГЛАВИЕ И СВЕДЕНИЯ ОБ ОТВЕТСТВЕННОСТИ
Основное заглавие Русский язык
Сведения, относящиеся к заглавию Учеб. пособие для 6 кл. татар. школы
Первые сведения об ответственности Под ред. к. п. н., доц. Р.Б. Гарифьянова
205 ## - СВЕДЕНИЯ ОБ ИЗДАНИИ
Сведения об издании 4-е изд.
210 ## - ПУБЛИКАЦИЯ, РАСПРОСТРАНЕНИЕ И ДР.
Место издания, распространения и т.д. Казань
Имя издателя, распространителя и т. д. Татар. кн. изд-во
Дата издания, распространения и т.д. 1976
215 ## - ФИЗИЧЕСКАЯ ХАРАКТЕРИСТИКА
Специфическое обозначение материала и объем 199 с.
Другие сведения о физической характеристике ил.
Размеры 22
300 ## - ОБЩИЕ ПРИМЕЧАНИЯ
Текст примечания Перед загл. авт.: Р.Б. Гарифьянова, М.Ш. Субаева, М.Г. Амирханов
300 ## - ОБЩИЕ ПРИМЕЧАНИЯ
Текст примечания В вып. дан. 3-й авт.: Мурат Гумерович Амирханов
700 #1 - ИМЯ ЛИЦА - ПЕРВИЧНАЯ ОТВЕТСТВЕННОСТЬ
Начальный элемент ввода Гарифьянова
Часть имени, кроме начального элемента ввода Р. Б.
Расширение инициалов личного имени Роза Бареевна
701 #1 - ИМЯ ЛИЦА - АЛЬТЕРНАТИВНАЯ ОТВЕТСТВЕННОСТЬ
Начальный элемент ввода Субаева
Часть имени, кроме начального элемента ввода М. Ш.
Расширение инициалов личного имени Мунавара Шакировна
701 #1 - ИМЯ ЛИЦА - АЛЬТЕРНАТИВНАЯ ОТВЕТСТВЕННОСТЬ
Связь между полями z01790
Начальный элемент ввода Амирханов
Часть имени, кроме начального элемента ввода М. Г.
Расширение инициалов личного имени Марат Гумерович
790 #1 - ИМЯ ЛИЦА - АЛЬТЕРНАТИВНАЯ ФОРМА
Связь между полями z01701
Начальный элемент ввода Амирханов
Часть имени, кроме начального элемента ввода М. Г.
Расширение инициалов личного имени Мурат Гумерович
801 #0 - ИСТОЧНИК ЗАПИСИ
Страна Российская Федерация
Организация NLR
Правила каталогизации psbo
801 #1 - ИСТОЧНИК ЗАПИСИ
Страна Российская Федерация
Организация ELAR
Источник данных rusmarc
852 ## - МЕСТОНАХОЖДЕНИЕ И ШИФР ХРАНЕНИЯ
Идентификатор организации NLR
Шифр хранения (Call Number) 76-5/4330
942 ## - ДОПОЛНИТЕЛЬНЫЕ ЭЛЕМЕНТЫ ЗАПИСИ (АБИС)
Тип экземпляра АБИС Книга
980 ## - КОЛЛЕКЦИЯ
Название коллекции Национальная библиография
Экземпляры
Тип экземпляра Дата поступления Библиотека постоянного хранения Библиотека текущего хранения Место хранения Шифр хранения Штрих-код Статус экземпляра
Книга 26.10.2013 РНБ (Московский) РНБ (Московский) Русский книжный фонд: издания с 1957 года 76-5/4330 7541818-10